Statistics for USL Championship Clubs (2022)

Click here to take the quiz!

General Stats

  • This quiz has been taken 91 times
  • The average score is 19 of 27

Answer Stats

GroupStateAnswer% Correct
Western ConferenceTXSan Antonio FC
85%
Eastern ConferenceMIDetroit City FC
83%
Eastern ConferenceALBirmingham Legion
81%
Western ConferenceAZPhoenix Rising FC
81%
Western ConferenceCASacramento Republic FC
81%
Western ConferenceCASan Diego Loyal SC
81%
Eastern ConferenceFLTampa Bay Rowdies
81%
Eastern ConferencePAPittsburgh Riverhounds SC
80%
Eastern ConferenceCTHartford Athletic
78%
Western ConferenceNVLas Vegas Lights FC
78%
Eastern ConferenceKYLouisville City FC
78%
Eastern ConferenceTNMemphis 901 FC
78%
Eastern ConferenceSCCharleston Battery
76%
Eastern ConferenceFLMiami FC
76%
Western ConferenceTXEl Paso Locomotive
74%
Western ConferenceCAOrange County SC
74%
Eastern ConferenceOKFC Tulsa
72%
Eastern ConferenceINIndy Eleven
72%
Western ConferenceCOColorado Springs Switchbacks FC
70%
Western ConferenceCAOakland Roots SC
63%
Western ConferenceNMNew Mexico United
61%
Eastern ConferenceNYNew York Red Bulls II
56%
Eastern ConferenceGAAtlanta United 2
52%
Western ConferenceCAMonterey Bay FC
52%
Western ConferenceTXRio Grande Valley FC
48%
Eastern ConferenceVALoudoun United FC
46%
Western ConferenceCALA Galaxy II
41%

Score Distribution

Percentile by Number Answered

Percent of People with Each Score

Your Score History

You have not taken this quiz